च्ंािंतनिका (Record no. 182850)

MARC details
000 -LEADER
fixed length control field 00402nam a2200145Ia 4500
008 - FIXED-LENGTH DATA ELEMENTS--GENERAL INFORMATION
fixed length control field 090124s9999 xx 000 0 und d
082 ## - DEWEY DECIMAL CLASSIFICATION NUMBER
Item number 201269
245 ## - TITLE STATEMENT
Title च्ंािंतनिका
250 ## - EDITION STATEMENT
Edition statement 1
260 ## - PUBLICATION, DISTRIBUTION, ETC. (IMPRINT)
Name of publisher, distributor, etc भागवत दुर्गा
Date of publication, distribution, etc 1968
300 ## - PHYSICAL DESCRIPTION
Extent 154
630 ## - SUBJECT ADDED ENTRY--UNIFORM TITLE
Uniform title च्ंािंतनिका
730 ## - ADDED ENTRY--UNIFORM TITLE
Uniform title च्ंािंतनिका
942 ## - ADDED ENTRY ELEMENTS (KOHA)
Koha item type Book
Holdings
Withdrawn status Lost status Damaged status Not for loan Home library Current library Date acquired Cost, normal purchase price Total Checkouts Full call number Barcode Date last seen Cost, replacement price Price effective from Koha item type
        Marathi Granth Sangrahalaya,Thane Marathi Granth Sangrahalaya,Thane   10.00   201269 THNMGS-201269 01/24/2009 10.00 01/24/2009 Book